[Event "POL-ch Amateur"]
[Site "Wroclaw"]
[Date "2013.??.??"]
[Round "3"]
[White "Buchala, Tomasz"]
[Black "Mandla, Maciej"]
[Result "1-0"]
[WhiteElo "1955"]
[BlackElo "1663"]
[PlyCount "59"]
[EventDate "2013.06.??"]
[EventType "swiss"]
[EventRounds "9"]
[EventCountry "POL"]
[SourceTitle "EXT 2014"]
[Source "ChessBase"]
[SourceDate "2013.11.20"]
[SourceVersion "1"]
[SourceVersionDate "2013.11.20"]
[SourceQuality "1"]

1. d4 Nf6 2. c4 g6 3. Nc3 Bg7 4. e4 d6 5. g3 0-0 6. Bg2 Nc6 7. Nge2 e5 8. d5 Ne7 9. 0-0 Nh5 10. f4 f5 11. Qd3 Nf6 12. Be3 fxe4 13. Nxe4 Nxe4 14. Bxe4 Bh3 15. Rfe1 Nf5 16. Bf2 g5 17. Kh1 Bg4 18. Rg1 Qf6 19. h3 Qh6 20. Rg2 exf4 21. gxf4 Bxe2 22. Qxe2 Rae8 23. Qd3 Qf6 24. Rxg5 Qxb2 25. Rf1 Rxe4 26. Qxe4 Qf6 27. Rfg1 Kh8 28. Rxg7 Qh6 29. Qxf5 Qxg7 30. Qxf8+ 1-0

[Event "POL-ch Amateur"]
[Site "Wroclaw"]
[Date "2013.??.??"]
[Round "5"]
[White "Buchala, Tomasz"]
[Black "Zielinski, Hubert"]
[Result "0-1"]
[WhiteElo "1955"]
[BlackElo "1845"]
[PlyCount "108"]
[EventDate "2013.06.??"]
[EventType "swiss"]
[EventRounds "9"]
[EventCountry "POL"]
[SourceTitle "EXT 2014"]
[Source "ChessBase"]
[SourceDate "2013.11.20"]
[SourceVersion "1"]
[SourceVersionDate "2013.11.20"]
[SourceQuality "1"]

1. d4 Nf6 2. c4 c5 3. d5 d6 4. Nc3 g6 5. e4 Bg7 6. f4 0-0 7. Nf3 e6 8. Bd3 exd5 9. cxd5 Re8 10. 0-0 c4 11. Bc2 b5 12. a3 Nbd7 13. Be3 a6 14. Re1 Qc7 15. Bd4 Bb7 16. Qd2 Nc5 17. Rad1 Nfd7 18. h4 Nf6 19. Qf2 Ng4 20. Qg3 Bxd4+ 21. Nxd4 h5 22. Re2 Qb6 23. e5 Nd3 24. Re4 Ndf2 25. Rd2 Nxe4 26. Bxe4 dxe5 27. fxe5 Rxe5 28. Bf3 Re3 29. Kh1 Rd3 30. Rxd3 cxd3 31. Bxg4 Qxd4 32. Bxh5 Kg7 33. Bf3 Re8 34. Qg4 Qxg4 35. Bxg4 d2 36. Kh2 Rd8 37. Kg3 Bxd5 38. Kf2 Bb3 39. Nd1 Rd4 40. Bf3 Bxd1 41. Bxd1 Rxh4 42. Ke3 Rh2 43. Kxd2 Rxg2+ 44. Kc3 a5 45. b3 Kf6 46. a4 bxa4 47. bxa4 Ke5 48. Kc4 Rb2 49. Kc5 f5 50. Bf3 Rb4 51. Bc6 f4 52. Bb5 f3 53. Kb6 f2 54. Kxa5 Rxb5+ 0-1

[Event "POL-ch Amateur"]
[Site "Wroclaw"]
[Date "2012.06.23"]
[Round "4"]
[White "Buchala, Tomasz"]
[Black "Duszenko, Michal"]
[Result "0-1"]
[WhiteElo "1962"]
[BlackElo "1833"]
[PlyCount "82"]
[EventDate "2012.06.22"]
[EventType "swiss"]
[EventRounds "7"]
[EventCountry "POL"]
[SourceTitle "EXT 2013"]
[Source "ChessBase"]
[SourceDate "2012.11.22"]
[SourceVersion "1"]
[SourceVersionDate "2012.11.22"]
[SourceQuality "1"]

1. d4 Nf6 2. c4 c5 3. d5 b5 4. cxb5 a6 5. bxa6 Bxa6 6. Nc3 g6 7. e4 Bxf1 8. Kxf1 d6 9. Nge2 Bg7 10. g3 0-0 11. Kg2 Nbd7 12. f4 Qa5 13. Qc2 Rfb8 14. Bd2 Ne8 15. Rab1 Nc7 16. Rhf1 Nb5 17. a3 Nb6 18. Qd3 Nxc3 19. Bxc3 Bxc3 20. Nxc3 Na4 21. Nxa4 Qxa4 22. Rfc1 Rb3 23. Qc4 Qxc4 24. Rxc4 Rab8 25. Ra4 Kg7 26. e5 Rd3 27. b4 c4 28. b5 c3 29. Rc4 Rd2+ 30. Kh3 c2 31. Rbb4 Rxd5 32. exd6 exd6 33. a4 Rd4 34. Rxd4 c1Q 35. Kg2 Qe3 36. Rxd6 Qe2+ 37. Kh3 Rc8 38. Rc6 Rd8 39. Rcc4 Rd2 40. f5 Qh5+ 41. Rh4 Qxf5+ 0-1

[Event "POL-ch Amateur"]
[Site "Wroclaw"]
[Date "2012.06.23"]
[Round "2"]
[White "Buchala, Tomasz"]
[Black "Lambucki, Lukasz"]
[Result "1-0"]
[WhiteElo "1962"]
[BlackElo "1819"]
[PlyCount "133"]
[EventDate "2012.06.22"]
[EventType "swiss"]
[EventRounds "7"]
[EventCountry "POL"]
[SourceTitle "EXT 2013"]
[Source "ChessBase"]
[SourceDate "2012.11.22"]
[SourceVersion "1"]
[SourceVersionDate "2012.11.22"]
[SourceQuality "1"]

1. d4 Nf6 2. c4 e5 3. d5 Bc5 4. g3 d6 5. Bg2 0-0 6. Nc3 c6 7. e3 cxd5 8. cxd5 a6 9. Nge2 b5 10. a3 Bf5 11. h3 h6 12. 0-0 Nbd7 13. e4 Bh7 14. Kh2 Ne8 15. g4 Qh4 16. Ng3 g6 17. Be3 f5 18. exf5 gxf5 19. gxf5 Bxf5 20. Nxf5 Rxf5 21. Qg4+ Qxg4 22. hxg4 Bxe3 23. gxf5 Bf4+ 24. Kh3 Ng7 25. Be4 Kf7 26. Rg1 Bg5 27. Rad1 Nh5 28. Kg4 Nf4 29. Kf3 Nc5 30. b4 Nb3 31. Ne2 Nh5 32. Kg2 Rg8 33. Kh3 Nd2 34. Rxg5 Nxe4 35. Rxg8 Kxg8 36. Kg2 Ng7 37. Ng3 Nxg3 38. Kxg3 Nxf5+ 39. Kg4 Ne7 40. f4 Ng6 41. fxe5 Nxe5+ 42. Kf5 Kf7 43. Rh1 Nc4 44. Rxh6 Ne3+ 45. Ke4 Nc4 46. Rh3 Ke7 47. Kd4 Kd7 48. Rc3 Ne5 49. Rh3 Nc4 50. Rh7+ Kc8 51. a4 Kb8 52. Rh2 Kb7 53. Rc2 Ne5 54. a5 Kb8 55. Rg2 Nc4 56. Ke4 Kc8 57. Rg8+ Kc7 58. Kf5 Ne3+ 59. Ke6 Nc2 60. Rg7+ Kc8 61. Kxd6 Nxb4 62. Kc5 Nd3+ 63. Kb6 b4 64. Kxa6 b3 65. Rg1 b2 66. Rb1 Kc7 67. Kb5 1-0

[Event "POL-ch Amateur"]
[Site "Wroclaw"]
[Date "2012.06.23"]
[Round "3"]
[White "Karnas, Leszek"]
[Black "Buchala, Tomasz"]
[Result "1/2-1/2"]
[WhiteElo "1850"]
[BlackElo "1962"]
[PlyCount "67"]
[EventDate "2012.06.22"]
[EventType "swiss"]
[EventRounds "7"]
[EventCountry "POL"]
[SourceTitle "EXT 2013"]
[Source "ChessBase"]
[SourceDate "2012.11.22"]
[SourceVersion "1"]
[SourceVersionDate "2012.11.22"]
[SourceQuality "1"]

1. d4 d5 2. c4 c6 3. Nf3 e6 4. Nc3 Nf6 5. Bg5 Bd6 6. e3 Nbd7 7. Bd3 dxc4 8. Bxc4 Qc7 9. Bxf6 Nxf6 10. Rc1 a6 11. Qc2 0-0 12. Bd3 e5 13. dxe5 Bxe5 14. Nxe5 Qxe5 15. Ne4 Nxe4 16. Bxe4 f5 17. Bd3 Be6 18. 0-0 Rad8 19. Bc4 Rd6 20. Rfd1 Rfd8 21. Rxd6 Rxd6 22. h3 Kf7 23. Qb3 b5 24. Bxe6+ Qxe6 25. Qa3 Qe5 26. Qxa6 Qxb2 27. Qb7+ Ke6 28. Rxc6 Qa1+ 29. Kh2 Qe5+ 30. Kg1 Qa1+ 31. Kh2 Qe5+ 32. f4 Qxe3 33. Qc8+ Kd5 34. Qxf5+ 1/2-1/2

[Event "POL-ch Amateurs"]
[Site "Wroclaw"]
[Date "2011.07.03"]
[Round "5"]
[White "Bes, Michal"]
[Black "Buchala, Tomasz"]
[Result "0-1"]
[WhiteElo "1906"]
[BlackElo "1948"]
[PlyCount "94"]
[EventDate "2011.07.01"]
[EventType "swiss"]
[EventRounds "7"]
[EventCountry "POL"]
[SourceTitle "EXT 2023"]
[Source "ChessBase"]
[SourceDate "2022.10.05"]
[SourceVersion "1"]
[SourceVersionDate "2022.10.05"]
[SourceQuality "1"]

1. e4 c5 2. c3 d5 3. exd5 Qxd5 4. d4 cxd4 5. cxd4 Nc6 6. Nf3 e6 7. Bd3 Nf6 8. Nc3 Qd8 9. 0-0 Be7 10. Bg5 h6 11. Bh4 Nd5 12. Bxe7 Ncxe7 13. Ne5 0-0 14. Rc1 b6 15. Bb1 Bb7 16. Qd3 g6 17. Nxd5 Qxd5 18. Qg3 Rac8 19. Rcd1 Kg7 20. Rfe1 f5 21. Nd3 Qd7 22. Nf4 Bd5 23. Re5 Kh7 24. Rde1 Rf6 25. h4 Nc6 26. Rd1 Rg8 27. Ree1 g5 28. Nxd5 Qxd5 29. h5 Nxd4 30. Qc3 Rd8 31. Qc7+ Rd7 32. Qc3 Ne2+ 33. Rxe2 Qxd1+ 34. Re1 Qd4 35. Qxd4 Rxd4 36. Rxe6 Kg7 37. Re1 f4 38. Bg6 Rd7 39. Re8 Rfd6 40. b3 a5 41. Bf5 Rd8 42. Re6 Rxe6 43. Bxe6 Rd1+ 44. Kh2 Rd2 45. f3 Rxa2 46. Bd7 Ra3 47. Be6 Kf6 0-1

[Event "POL-ch Amateurs"]
[Site "Wroclaw"]
[Date "2011.07.03"]
[Round "6"]
[White "Buchala, Tomasz"]
[Black "Krokay, Urszula"]
[Result "1/2-1/2"]
[WhiteElo "1948"]
[BlackElo "1940"]
[PlyCount "76"]
[EventDate "2011.07.01"]
[EventType "swiss"]
[EventRounds "7"]
[EventCountry "POL"]
[SourceTitle "EXT 2023"]
[Source "ChessBase"]
[SourceDate "2022.10.05"]
[SourceVersion "1"]
[SourceVersionDate "2022.10.05"]
[SourceQuality "1"]

1. d4 Nf6 2. c4 e6 3. Nf3 b6 4. Nc3 Bb4 5. e3 Bxc3+ 6. bxc3 Ne4 7. Bd3 Bb7 8. Qc2 f5 9. 0-0 d6 10. Nd2 Nxd2 11. Bxd2 0-0 12. f3 Nd7 13. Rae1 Qf6 14. e4 c5 15. exf5 exf5 16. Re2 cxd4 17. cxd4 Qxd4+ 18. Be3 Qf6 19. c5 Nxc5 20. Bxc5 dxc5 21. Bc4+ Kh8 22. Rfe1 Qd4+ 23. Kh1 Bc6 24. Re6 Bd5 25. Bxd5 Qxd5 26. R6e5 Qd4 27. Re7 Rad8 28. Rxa7 c4 29. Rc1 b5 30. Rb7 Rd5 31. h3 h6 32. a4 bxa4 33. Qxc4 Qxc4 34. Rxc4 Ra5 35. Rcc7 Rg8 36. Ra7 Ra8 37. Rab7 Rg8 38. Ra7 Ra8 1/2-1/2

[Event "POL-ch Amateurs"]
[Site "Wroclaw"]
[Date "2011.07.02"]
[Round "4"]
[White "Buchala, Tomasz"]
[Black "Zochowski, Janusz"]
[Result "1-0"]
[WhiteElo "1948"]
[BlackElo "1919"]
[PlyCount "111"]
[EventDate "2011.07.01"]
[EventType "swiss"]
[EventRounds "7"]
[EventCountry "POL"]
[SourceTitle "EXT 2023"]
[Source "ChessBase"]
[SourceDate "2022.10.05"]
[SourceVersion "1"]
[SourceVersionDate "2022.10.05"]
[SourceQuality "1"]

1. d4 Nf6 2. c4 e6 3. Nc3 Bb4 4. Nf3 0-0 5. Bg5 h6 6. Bh4 c5 7. a3 Bxc3+ 8. bxc3 Qa5 9. Bxf6 Qxc3+ 10. Nd2 gxf6 11. e3 cxd4 12. Rc1 Qxa3 13. exd4 Nc6 14. h4 Qb2 15. Rh3 Qxd4 16. Rg3+ Kh8 17. Rd3 Qc5 18. f4 Qf5 19. Rcc3 d5 20. Qf3 e5 21. g4 Qxg4 22. Qxg4 Bxg4 23. cxd5 Nb4 24. Rg3 h5 25. fxe5 fxe5 26. d6 Rac8 27. Rb3 Nc2+ 28. Kf2 b6 29. Rb5 f6 30. Rd5 Rfd8 31. Ne4 Kg7 32. Bh3 f5 33. Rxe5 fxe4 34. Rxh5 e3+ 35. Kg1 Rc4 36. Bxg4 Rxg4 37. Rxg4+ Kf6 38. Rh6+ Ke5 39. Rg5+ Kf4 40. Rf6+ Ke4 41. Re6+ Kf4 42. Rf6+ Ke4 43. Re6+ Kf4 44. Rge5 Nd4 45. Re4+ Kf5 46. R6e5+ Kf6 47. Rh5 Nf3+ 48. Kg2 Nd2 49. Rxe3 Nc4 50. Rf3+ Ke6 51. Rh6+ Ke5 52. Rd3 Nxd6 53. Kh3 b5 54. h5 b4 55. Rg6 b3 56. Rh6 1-0

[Event "Poznan op-B 17th"]
[Site "Poznan"]
[Date "2008.07.25"]
[Round "7"]
[White "Sikorska, Agata"]
[Black "Buchala, Tomasz"]
[Result "0-1"]
[WhiteElo "2108"]
[BlackElo "1911"]
[PlyCount "46"]
[EventDate "2008.07.19"]
[EventType "swiss"]
[EventRounds "9"]
[EventCountry "POL"]
[SourceTitle "EXT 2009"]
[Source "ChessBase"]
[SourceDate "2008.11.26"]
[SourceVersion "1"]
[SourceVersionDate "2008.11.26"]
[SourceQuality "1"]

1. e4 c5 2. Nf3 Nc6 3. d4 cxd4 4. Nxd4 Nf6 5. Nxc6 bxc6 6. Bd3 e5 7. c4 Bc5 8. 0-0 d6 9. h3 g5 10. Nc3 g4 11. g3 gxh3 12. Bg5 Rg8 13. Bh4 Rg6 14. Nd5 cxd5 15. exd5 Rg4 16. Qf3 Rxh4 17. gxh4 Bg4 18. Qg3 Qd7 19. Kh2 Nh5 20. Qg1 f5 21. b4 Bd4 22. Rae1 Kf7 23. Be2 Bxe2 0-1

[Event "Poznan op-B 17th"]
[Site "Poznan"]
[Date "2008.07.24"]
[Round "6"]
[White "Buchala, Tomasz"]
[Black "Haja, Jacek"]
[Result "1-0"]
[WhiteElo "1911"]
[BlackElo "1769"]
[PlyCount "93"]
[EventDate "2008.07.19"]
[EventType "swiss"]
[EventRounds "9"]
[EventCountry "POL"]
[SourceTitle "EXT 2009"]
[Source "ChessBase"]
[SourceDate "2008.11.26"]
[SourceVersion "1"]
[SourceVersionDate "2008.11.26"]
[SourceQuality "1"]

1. d4 Nf6 2. c4 e5 3. dxe5 Ng4 4. Nf3 Nc6 5. Nc3 Bb4 6. Qd5 Bxc3+ 7. bxc3 Qe7 8. Bf4 Qa3 9. Rc1 d6 10. exd6 cxd6 11. Qxd6 Qxd6 12. Bxd6 Be6 13. e4 f6 14. h3 Nge5 15. Nxe5 Nxe5 16. Bxe5 fxe5 17. Rb1 b6 18. Rb5 Kf7 19. Rxe5 Rhd8 20. Rb5 Rac8 21. Rb4 Rc5 22. f3 Ra5 23. Rb2 Rc8 24. Kd2 Bxc4 25. Bxc4+ Rxc4 26. Rc1 Ke6 27. Kd3 Rca4 28. Rcc2 Ra3 29. Kd4 Rc5 30. f4 g6 31. g4 Ra4+ 32. Kd3 g5 33. f5+ Ke5 34. Rb4 Ra3 35. Rd4 Rc6 36. Rd5+ Kf4 37. f6 Kg3 38. f7 Rc8 39. e5 Ra4 40. c4 Ra3+ 41. Rc3 Rxa2 42. Ke4+ Kh4 43. Rd7 Rf2 44. f8Q Re2+ 45. Kf3 Rf2+ 46. Kxf2 Rxf8+ 47. Rf3 1-0

[Event "Poznan op-B 17th"]
[Site "Poznan"]
[Date "2008.07.22"]
[Round "4"]
[White "Buchala, Tomasz"]
[Black "Gora, Jan"]
[Result "1-0"]
[WhiteElo "1911"]
[BlackElo "1678"]
[PlyCount "57"]
[EventDate "2008.07.19"]
[EventType "swiss"]
[EventRounds "9"]
[EventCountry "POL"]
[SourceTitle "EXT 2009"]
[Source "ChessBase"]
[SourceDate "2008.11.26"]
[SourceVersion "1"]
[SourceVersionDate "2008.11.26"]
[SourceQuality "1"]

1. d4 d5 2. c4 e6 3. Nc3 c6 4. e3 f5 5. Nf3 Nf6 6. Ne5 Nbd7 7. f4 Nxe5 8. dxe5 Ne4 9. Nxe4 fxe4 10. a3 a5 11. Qg4 Qd7 12. Be2 Be7 13. 0-0 0-0 14. h4 Qe8 15. h5 h6 16. Qh3 Kh7 17. g4 Bd7 18. Bd2 Bd8 19. Kh1 Qe7 20. Be1 Rf7 21. Rg1 Bb6 22. Bh4 Qc5 23. b4 Qf8 24. g5 hxg5 25. fxg5 Rf5 26. Bg4 Rxe5 27. g6+ Kg8 28. c5 Bc7 29. Bg3 1-0

[Event "Wroclaw-ch"]
[Site "Wroclaw"]
[Date "2004.??.??"]
[Round "9"]
[White "Buchala, Tomasz"]
[Black "Guzewicz, Rafal"]
[Result "1-0"]
[WhiteElo "2000"]
[BlackElo "1800"]
[PlyCount "53"]
[EventDate "2004.??.??"]
[EventType "swiss"]
[EventRounds "9"]
[EventCountry "POL"]
[SourceTitle "EXT 2007"]
[Source "ChessBase"]
[SourceDate "2006.11.23"]
[SourceVersion "1"]
[SourceVersionDate "2006.11.23"]
[SourceQuality "1"]

1. d4 f5 2. c4 e6 3. Nc3 Nf6 4. g3 d5 5. e3 Be7 6. Bg2 0-0 7. cxd5 exd5 8. Nge2 c6 9. 0-0 Bd6 10. Qb3 Qe8 11. Bd2 Kh8 12. f3 Nbd7 13. Qc2 Qh5 14. Rae1 Re8 15. Nd1 Nb6 16. b3 Bd7 17. a4 a5 18. Nf2 Re6 19. Nd3 g5 20. Nc5 Re7 21. Nxb7 Bb4 22. Bxb4 axb4 23. Qc5 Nc8 24. Nc1 Rb8 25. Nd6 Rg7 26. Nxf5 Rg6 27. g4 1-0